Mujer audaz, Santa Micaela del Santísimo Sacramento : (Record no. 30359)

MARC details
000 -LEADER
campo de control de longitud fija 00690nam a2200193 i 4500
001 - NÚMERO DE CONTROL
campo de control 30359
003 - IDENTIFICADOR DE NÚMERO DE CONTROL
campo de control ES-MaACL
005 - FECHA Y HORA DE LA ÚLTIMA TRANSACCIÓN
campo de control 20251015145002.0
007 - CAMPO FIJO DE DESCRIPCIÓN FÍSICA--INFORMACIÓN GENERAL
campo de control de longitud fija t|
008 - DATOS DE LONGITUD FIJA--INFORMACIÓN GENERAL
campo de control de longitud fija 030124s1968 sp ||||1| spa d
080 ## - NÚMERO DE LA CLASIFICACIÓN DECIMAL UNIVERSAL
Número de la Clasificación Decimal Universal 929 Micaela del Santísimo Sacramento, Santa
100 1# - ENTRADA PRINCIPAL--NOMBRE DE PERSONA
Nombre de persona Barrios Moneo, Alberto.
9 (RLIN) 26031
245 10 - MENCIÓN DEL TÍTULO
Título Mujer audaz, Santa Micaela del Santísimo Sacramento :
Resto del título su vida, sus empresas, su espíritu : historia documentada /
Mención de responsabilidad, etc. Alberto Barrios Moneo.
260 ## - PUBLICACIÓN, DISTRIBUCIÓN, ETC.
Lugar de publicación, distribución, etc. [Madrid] :
Nombre del editor, distribuidor, etc. Coculsa,
Fecha de publicación, distribución, etc. [1968]
300 ## - DESCRIPCIÓN FÍSICA
Extensión 683 p., 16 lám. ;
Dimensiones 25 cm.
600 07 - PUNTO DE ACCESO ADICIONAL DE MATERIA--NOMBRE DE PERSONA
Nombre de persona María Micaela del Santísimo Sacramento,
Títulos y otros términos asociados al nombre Santa
Fuente del encabezamiento o término
9 (RLIN) 140518
852 4# - LOCALIZACIÓN
Ubicación ES-MaACL
Número de control de estantería G-6433
Holdings
Estatus retirado Estado de pérdida Estado de daño No para préstamo Biblioteca de origen Biblioteca actual Ubicación en estantería Fecha de adquisición Fuente de adquisición Total de préstamos Signatura topográfica completa Código de barras Visto por última vez Precio de reemplazo Tipo de ítem Koha
        Biblioteca del Ateneo de Madrid Biblioteca del Ateneo de Madrid Depósito 2 17/01/2008     G-6433 1031340 23/02/2023 23/02/2023 Libro impreso